The noble scholar, jurist, historian


 His Excellency Dr. Abdul Wahhab bin Ibrahim Abu Sulaiman, may Allah have mercy on him.


 He was born in Umm Al-Qura in the year 1356 AH.

المعجم الجغرافي للبلاد العربية السعودية : (Record no. 6108)

MARC details
000 -LEADER
fixed length control field 01241cam a2200277 i 4500
003 - CONTROL NUMBER IDENTIFIER
control field SA-RiAUC
005 - DATE AND TIME OF LATEST TRANSACTION
control field 20250220072906.0
008 - FIXED-LENGTH DATA ELEMENTS--GENERAL INFORMATION
fixed length control field 250220s1981 su bo g d 000 0 ara c
040 ## - CATALOGING SOURCE
Original cataloging agency AE-AiULD
Language of cataloging ara
Transcribing agency SA-RiAUC
Description conventions rda
043 ## - GEOGRAPHIC AREA CODE
Geographic area code a-su---
050 #4 - LIBRARY OF CONGRESS CALL NUMBER
Item number .J37 1981
082 04 - DEWEY DECIMAL CLASSIFICATION NUMBER
Classification number 915.3103
090 ## - LOCALLY ASSIGNED LC-TYPE CALL NUMBER (OCLC); LOCAL CALL NUMBER (RLIN)
Classification number (OCLC) (R) ; Classification number, CALL (RLIN) (NR) 915.3103
Local cutter number (OCLC) ; Book number/undivided call number, CALL (RLIN) ج ا س
100 1# - MAIN ENTRY--PERSONAL NAME
Personal name الجاسر، حمد،
Dates associated with a name 1328-1421 هجري
Relator term مؤلف.
245 12 - TITLE STATEMENT
Title المعجم الجغرافي للبلاد العربية السعودية :
Remainder of title معجم مختصر يحوي أسماء المدن والقرى وأهم موارد البادية /
Statement of responsibility, etc. تأليف حمد الجاسر.
264 #1 - PRODUCTION, PUBLICATION, DISTRIBUTION, MANUFACTURE, AND COPYRIGHT NOTICE
Place of production, publication, distribution, manufacture الرياض :
Name of producer, publisher, distributor, manufacturer دار اليمامة للبحث والترجمة والنشر،
Date of production, publication, distribution, manufacture, or copyright notice 1981
300 ## - PHYSICAL DESCRIPTION
Extent 3 مجلد (1559 صفحة ) :
Other physical details خرائط، صور ؛
Dimensions 24 سم.
336 ## - CONTENT TYPE
Content type term نص
Content type code txt
Source rdacontent
Materials specified كتاب
337 ## - MEDIA TYPE
Media type term بدون وسيط
Media type code n
Source rdamedia
338 ## - CARRIER TYPE
Carrier type term مجلد
Carrier type code nc
Source rdacarrier
440 #0 - SERIES STATEMENT/ADDED ENTRY--TITLE
Title نصوص وأبحاث جغرافية وتاريخية عن جزيرة العرب
Volume/sequential designation 19
651 #7 - SUBJECT ADDED ENTRY--GEOGRAPHIC NAME
Geographic name السعودية
Form subdivision معاجم جغرافية
Source of heading or term aucsh
651 #7 - SUBJECT ADDED ENTRY--GEOGRAPHIC NAME
Geographic name السعودية
General subdivision جغرافيا
Source of heading or term aucsh
942 ## - ADDED ENTRY ELEMENTS (KOHA)
Source of classification or shelving scheme Dewey Decimal Classification
Koha item type Books
Suppress in OPAC No
949 ## - LOCAL PROCESSING INFORMATION (OCLC)
a SA-JeALM
d 250220
u eid123
n 1
Holdings
Withdrawn status Lost status Source of classification or shelving scheme Materials specified (bound volume or other part) Damaged status Not for loan Home library Current library Date acquired Total checkouts Full call number Barcode Date last seen Price effective from Koha item type
    Dewey Decimal Classification القسم الاول     DR AbdElwahab Library DR AbdElwahab Library 02/20/2025   915.3103 ج ا س 000010107 02/20/2025 02/20/2025 Books
    Dewey Decimal Classification القسم الثاني     DR AbdElwahab Library DR AbdElwahab Library 02/20/2025   915.3103 ج ا س 000010108 02/20/2025 02/20/2025 Books
    Dewey Decimal Classification القسم الثالث     DR AbdElwahab Library DR AbdElwahab Library 02/20/2025   915.3103 ج ا س 000010109 02/20/2025 02/20/2025 Books